| 000 | 00932nam a22002777a 4500 | ||
|---|---|---|---|
| 001 | 200426690 | ||
| 003 | TR-AnTOB | ||
| 005 | 20241030140709.0 | ||
| 008 | 170523b xxu||||| |||| 00| 0 tur d | ||
| 040 |
_aTR-AnTOB _beng _cTR-AnTOB _drda _eTR-AnTOB |
||
| 041 | _atur | ||
| 050 |
_aDK851 _b..A95 2016 |
||
| 090 |
_aDK851 _b.A95 2016 |
||
| 245 |
_aAvrasya İncelemeleri Merkezi : _b2016 yıllık rapor / _ced.: Turgut Kerem Tuncel, çev.: Ali Murat Taşkent. |
||
| 264 | 1 |
_aAnkara : _bAVİM, _c2017. |
|
| 300 |
_a138 pages ; _billusrations, _c25 cm |
||
| 336 |
_2rdacontent _atext _btxt |
||
| 337 |
_2rdamedia _aunmediated _bn |
||
| 338 |
_2rdacarrier _avolume _bnc |
||
| 504 | _aIncludes bibliographical references (137-138 p.). | ||
| 590 | _6Donated by AVİM. | ||
| 610 | 2 | 0 |
_aAvrasya İncelemeleri Merkezi _9118307 |
| 651 | 7 |
_aAsya, Orta _xSosyal durum _2etuturkob _9137765 |
|
| 942 |
_2lcc _cBK |
||
| 999 |
_c200426690 _d44614 |
||